000 00533nam a2200217Ia 4500
003 OSt
005 20220928142356.0
006 a|||||r|||| 00| 0
007 ta
008 220927b |||||||| |||| 00| 0 eng d
024 _a19400
037 _cTextual
040 _aSDCL
_cSDCL
_beng
041 _2eng
_aeng
082 _aP152, L31
100 _aChaudhari Anant
_9503408
245 0 _aNagri lipi aur HIndi vrtni.
260 _c1973
942 _hP152, L31
_cTEXL
_2CC
999 _c821580
_d821580